000 00360cam a22001331 4500
082 _a947.9
_bBLA
_cL-30-II, P-65
100 1 _aBlanch, Lesley.
_9446
245 1 4 _aThe sabres of paradise.
260 _aNew York,
_bViking Press [1960]
300 _a495 p.
_billus.
_c23 cm.
526 _a0
_b0
_c0
_d947_900000000000000_BLA
650 _aMCE
_9379
942 _2ddc
_cBK
999 _c549672
_d549672